Rightmove reports house price slowdown (Record no. 71955)

MARC details
000 -LEADER
fixed length control field 00941cam a2200181 4500
001 - CONTROL NUMBER
control field WB3903-08
008 - FIXED-LENGTH DATA ELEMENTS--GENERAL INFORMATION
fixed length control field 030122n2003 000 0 eng u
035 ## - SYSTEM CONTROL NUMBER
System control number (Sirsi) u121095
245 ## - TITLE STATEMENT
Title Rightmove reports house price slowdown
260 ## - PUBLICATION, DISTRIBUTION, ETC.
Date of publication, distribution, etc. 2003
490 ## - SERIES STATEMENT
Series statement Rightmove Press Release
Volume/sequential designation January 2003, (1)
520 ## - SUMMARY, ETC.
Summary, etc. Rightmove has published their January "Real-time property report" which shows an overall national decrease in asking prices of 0.4%, after reduced activity in the housing market over the Christmas period. This is smaller than the decrease of January 2002, and year-on-year growth rate has increased to 26.5%. Copies of the full report are available from www.rightmove.co.uk/rm/s/rm or [email protected] www.rightmove.co.uk/rm/s/rm/template/publicsite%2Cgeneric%2CPress.vm/nc/1043244512929/svr/1033
590 ## - LOCAL NOTE (RLIN)
Local note WB
650 ## - SUBJECT ADDED ENTRY--TOPICAL TERM
Topical term or geographic name entry element HOUSE PRICES
650 ## - SUBJECT ADDED ENTRY--TOPICAL TERM
Topical term or geographic name entry element RESIDENTIAL MARKET
690 ## - LOCAL SUBJECT ADDED ENTRY--TOPICAL TERM (OCLC, RLIN)
Topical term or geographic name as entry element HOUSING
942 ## - ADDED ENTRY ELEMENTS (KOHA)
Suppress in OPAC 0
Holdings
Withdrawn status Lost status Source of classification or shelving scheme Damaged status Not for loan Home library Current library Shelving location Date acquired Total Checkouts Full call number Barcode Date last seen Copy number Price effective from Koha item type
    Dewey Decimal Classification     London London News article 22/01/2003   WB3903-08 121095-1001 06/08/2019 1 06/08/2019 News article